| 000 | 00886nam a2200277 a 4500 | ||
|---|---|---|---|
| 001 | 000013171 | ||
| 003 | DO-SdBNP | ||
| 005 | 20180213125828.0 | ||
| 007 | 000013171 | ||
| 008 | 091120s1997 dr 001 0 spa d | ||
| 040 |
_aBPMSU _bspa _cBPMSU |
||
| 092 |
_aRD863.44 _bD542m |
||
| 100 | 1 | _aTejera Díaz, Juan Víctor | |
| 245 | 1 | 0 |
_aMareline, Mereline y la naturaleza / _cJuan Víctor Tejera Díaz,. |
| 260 |
_aSanto Domingo : _bCorripio, _c1997. |
||
| 300 |
_a326 p. ; _c23 cm. |
||
| 500 | _aIncluye datos biográficos del autor en la contracubierta | ||
| 650 | 4 | _aNOVELA DOMINICANA | |
| 650 | 4 | _aLITERATURA DOMINICANA | |
| 930 | 1 |
_lBND01 _mLF1 _820091120 _f01 _pHD _g8055 |
|
| 942 |
_2ddc _cBK |
||
| 945 | _aInventariado, 2018 / BT | ||
| 956 |
_aAVARGAS _b10 _c20091120 _lBND01 _h1426 |
||
| 956 |
_aVMATEO _b10 _c20091124 _lBND01 _h1407 |
||
| 956 |
_aVMATEO _b10 _c20150903 _lBPMSU _h00151 |
||
| 999 |
_c7496 _d7496 |
||